Developing Performance Parameters Suitable for Assessing Benefits of the Communication Model Implementation
Gespeichert in:
| 1. Verfasser: | |
|---|---|
| Weitere Verfasser: | |
| Format: | Buchkapitel |
| Sprache: | Englisch |
| Schlagworte: | |
| Tags: |
Keine Tags, Fügen Sie das erste Tag hinzu!
|
MARC
| LEADER | 00000nla a2200000 4500 | ||
|---|---|---|---|
| 001 | 0240620 | ||
| 005 | 20240502073920.5 | ||
| 041 | 0 | |a eng | |
| 044 | |a SK | ||
| 245 | 1 | 0 | |a Developing Performance Parameters Suitable for Assessing Benefits of the Communication Model Implementation |c Jaroslav Dugas, Martin Mucha |
| 500 | |a Abstrakt | ||
| 610 | 2 | 0 | |a modelovanie |
| 610 | 2 | 0 | |a komunikácia |
| 610 | 2 | 0 | |a parametre počítača |
| 610 | 2 | 0 | |a softvér |
| 100 | 1 | |a Dugas, Jaroslav, 1967- | |
| 700 | 1 | |a Mucha, Martin | |